| 000 | 00407nam a22001577a 4500 | ||
|---|---|---|---|
| 003 | OSt | ||
| 005 | 20220909220435.0 | ||
| 008 | 220909b |||||||| |||| 00| 0 eng d | ||
| 040 | _cBiblioteca Lado V | ||
| 082 |
_a250 _bV335w |
||
| 100 | _aVasquez la Roche, Luis | ||
| 245 | _aWe are lit/ | ||
| 260 |
_bBeta-Local _c2016 |
||
| 300 |
_a20p. _c13x21cm |
||
| 942 |
_2ddc _c1 _h250 _iV335w _n0 |
||
| 999 |
_c1991 _d1991 |
||